000 00816nam a22001817a 4500
008 100303s2010 pau|||||r|||| 001 0 eng d
020 _a9780781777926
082 _222
_a616.075
_bJUA
245 _aNursing Diagnosis :
_bApplication to Clinical Practice/
_c[Edited by] Lynda Juall Carpenito-Moyet
250 _a13th ed.
260 _aPhiladelphia :
_bLippincott Williams & Wilkins, 2010
_c2010
300 _a1006 p. ;
_c26 cm.
504 _aIncludes bibliographical references (965-982) and index
650 _912192
_aNursing diagnosis.
700 _912191
_aCarpenito-Moyet, Lynda Juall.
942 _2ddc
_cNRB
999 _c13573
_d13573